La raz̕ del cd̤igo general del proceso (Ley 1564 de 2012)

Bibliographic Details
Main Author: Rueda Fonseca, Mara̕ del Socorro
Format: eBook
Language:Spanish
Published: Bogot:̀ Universidad de Los Andes (Colombia), 2015
Subjects:
Online Access:Acceso restringido

MARC

LEADER 00000nam a22000007a 4500
005 2019051202292.0
007 cr|||| ||||
008 190512s2015 co |||||s|||| 00||0 spa d
020 |a 978-958-774-105-6 
035 |a 23358 
040 |a vLex 
090 |c 8682  |d 8682 
100 1 |a Rueda Fonseca, Mara̕ del Socorro 
245 1 2 |a La raz̕ del cd̤igo general del proceso (Ley 1564 de 2012)  |h [Recurso electrn̤ico] /  |c Mara̕ del Socorro Rueda Fonseca 
256 |a Servicio en ln̕ea 
260 |a Bogot:̀  |b Universidad de Los Andes (Colombia),  |c 2015 
300 |a 1 recurso electrn̤ico 
500 |a A lo largo de las pg̀inas que componen La raz̕ del Cd̤igo General del Proceso se encuentran las razones, los antecedentes y las fuentes que propiciaron la adopcin̤ en Colombia del Cd̤igo General del Proceso (Ley 1564 de 2012, GCP). Esta obra muestra, de manera crt̕ica las cuestiones que estǹ detrs̀ de la elaboracin̤ de una codificacin̤ procesal. Para ello se hizo un estudio cualitativo de los diferentes documentos que constituyen las memorias de la redaccin̤ del proyecto del CGP; las actas de los debates del proyecto de ley, en el Congreso de la Repb︢lica la exposicin̤ de motivos del proyecto de ley, los videos del debate legislativo y otros esfuerzos anteriores al sector privado que propiciaron la redaccin̤ de un anteproyecto de ley. En esta investigacin̤ se tuvo en cuenta la corriente del anl̀isis econm̤ico del derecho para estudiar el comportamiento y los incentivos de las personas que se involucran en el aparato jurisdiccional y de las diferentes partes del proceso. Adems̀, se analizaron los datos y estads̕ticas para caracterizar la economa̕ colombiana y as ̕contextualizar al lector en la dinm̀ica socioeconm̤ica en la cual se desenvuelve la normatividad procesal. Este libro contribuir ̀a que los lectores formen una opinin̤ sustentada de los debates que se llevaron a cabo en el Congreso de la Repb︢lica, la explicacin̤ crt̕ica del modelo de estructura del proceso civil asumido frente a otros modelos europeos y, por l︢timo, dar ̀una visin̤ respecto del uso de tecnologa̕s de la informacin̤ y las comunicaciones en el proceso de modernizacin̤ judicial y procesal colombiano. 
506 1 |a Disponible solo en los productos indicados  |d vLex Global  |d vLex Global (Academic Edition, excluding Law Schools)  |d vLex Global (U.S. Academic Edition, Law Schools)  |d vLex Global (U.S. Academic Edition, excluding Law Schools)  |d vLex Global (Academic Edition, Law Schools) 
650 0 4 |a Derecho Procesal  |z Colombia 
650 0 4 |a Procedimiento Civil  |z Colombia 
740 0 |a vLex Libros (Servicio en ln̕ea) 
856 4 0 |u http://vlex.com/source/raiz-del-codigo-general-del-proceso-ley-1564-de-2012--23358  |z Acceso restringido 
942 |c BOOK 
999 0 |a Procedural Law 
999 0 |a Civil Procedure